000 00906cam a2200265 a 4500
001 27275
003 BD-RjUL
005 20211209051132.0
008 140324s1987 bg b b f001 0 eng
035 _a(BD-RjUL)27347
040 _aDLC
_cDLC
_dDLC
_dBD-RjUL
_beng
041 _aeng
082 0 0 _a320.95414
_223
_bHAF 1987
100 0 _aHarun-or-Rashid,
_d1954-
_967086
245 1 4 _aThe foreshadowing of Bangladesh :
_bBengal Muslim League and Muslim politics, 1936-1947 /
_cHarun-or-Rashid.
260 _aDhaka :
_bAsiatic Society of Bangladesh,
_c1987.
300 _a366 p. :
_bill. ;
_c25 cm.
500 _aIncludes index.
504 _aBibliography: p. [353]-358
610 2 0 _aBengal Provincial Muslim League
_9218979
650 0 _aMuslims
_xPolitical activity
_zIndia
_zBengal.
_982956
651 0 _aBengal (India)
_xPolitics and government.
_983707
942 _2ddc
_cBK
999 _c27275
_d27275